Statistieken voor Snelle wiskunde - verdubbel dat aantal!

Klik hier om de quiz te nemen!

Algemene statistieken

  • Deze quiz is 61 keer genomen
  • De gemiddelde score is 14 van 20

Antwoordstatistieken

NummerDubbele% Correct
510
100%
5071014
100%
5081016
100%
5091018
100%
51102
100%
5151030
100%
5161032
100%
5171034
100%
5191038
100%
5221044
100%
5231046
100%
5271054
100%
53106
100%
5311062
100%
5371074
100%
5381076
100%
5391078
100%
54108
100%
5421084
100%
5471094
100%
5481096
100%
5501100
100%
5531106
100%
5541108
100%
5551110
100%
5581116
100%
5601120
100%
5611122
100%
5631126
100%
5671134
100%
5691138
100%
5711142
100%
5751150
100%
5771154
100%
5781156
100%
58116
100%
5801160
100%
5831166
100%
5891178
100%
5991198
100%
60120
100%
6041208
100%
6051210
100%
6061212
100%
6071214
100%
6091218
100%
61122
100%
6101220
100%
6111222
100%
6151230
100%
6171234
100%
6191238
100%
62124
100%
6201240
100%
6211242
100%
6221244
100%
6271254
100%
6291258
100%
63126
100%
6331266
100%
6351270
100%
6371274
100%
6381276
100%
6401280
100%
6481296
100%
65130
100%
6501300
100%
6601320
100%
6611322
100%
6641328
100%
6691338
100%
6791358
100%
6801360
100%
6811362
100%
6851370
100%
6861372
100%
6881376
100%
6931386
100%
6951390
100%
7011402
100%
7031406
100%
7061412
100%
7071414
100%
7091418
100%
7111422
100%
7131426
100%
7141428
100%
7151430
100%
7171434
100%
72144
100%
7221444
100%
7241448
100%
7271454
100%
7291458
100%
7311462
100%
7341468
100%
7351470
100%
7401480
100%
7411482
100%
7421484
100%
7441488
100%
7451490
100%
7521504
100%
7541508
100%
7561512
100%
7571514
100%
7601520
100%
7621524
100%
7761552
100%
7791558
100%
7841568
100%
7871574
100%
79158
100%
7961592
100%
816
100%
8021604
100%
8061612
100%
8081616
100%
8191638
100%
8201640
100%
8221644
100%
8241648
100%
8271654
100%
8291658
100%
8361672
100%
8421684
100%
8451690
100%
85170
100%
8501700
100%
8511702
100%
8551710
100%
8591718
100%
8601720
100%
8611722
100%
8621724
100%
8631726
100%
8651730
100%
8701740
100%
88176
100%
8931786
100%
8941788
100%
8981796
100%
9001800
100%
9011802
100%
9021804
100%
9031806
100%
9061812
100%
9091818
100%
9101820
100%
9161832
100%
9181836
100%
92184
100%
9281856
100%
9321864
100%
9331866
100%
9351870
100%
9371874
100%
9381876
100%
9401880
100%
9421884
100%
9451890
100%
9481896
100%
9501900
100%
9531906
100%
9541908
100%
9551910
100%
9571914
100%
9581916
100%
9591918
100%
9631926
100%
9641928
100%
9671934
100%
97194
100%
9701940
100%
9711942
100%
9801960
100%
9821964
100%
9861972
100%
9871974
100%
9881976
100%
9891978
100%
9901980
100%
9911982
100%
1020
100%
102204
100%
104208
100%
105210
100%
107214
100%
110220
100%
111222
100%
114228
100%
115230
100%
119238
100%
120240
100%
122244
100%
128256
100%
133266
100%
134268
100%
136272
100%
138276
100%
139278
100%
1428
100%
141282
100%
143286
100%
144288
100%
145290
100%
146292
100%
148296
100%
149298
100%
152304
100%
155310
100%
1632
100%
164328
100%
165330
100%
166332
100%
167334
100%
169338
100%
170340
100%
172344
100%
173346
100%
175350
100%
176352
100%
178356
100%
1836
100%
182364
100%
183366
100%
185370
100%
189378
100%
190380
100%
193386
100%
194388
100%
203406
100%
204408
100%
207414
100%
208416
100%
2142
100%
211422
100%
212424
100%
214428
100%
215430
100%
217434
100%
218436
100%
219438
100%
221442
100%
223446
100%
228456
100%
230460
100%
231462
100%
236472
100%
242484
100%
244488
100%
2550
100%
250500
100%
255510
100%
256512
100%
259518
100%
260520
100%
263526
100%
2754
100%
271542
100%
272544
100%
279558
100%
280560
100%
284568
100%
287574
100%
290580
100%
291582
100%
292584
100%
293586
100%
297594
100%
301602
100%
302604
100%
304608
100%
306612
100%
308616
100%
3162
100%
310620
100%
311622
100%
319638
100%
3264
100%
326652
100%
3366
100%
332664
100%
334668
100%
337674
100%
340680
100%
342684
100%
344688
100%
345690
100%
350700
100%
353706
100%
354708
100%
356712
100%
3672
100%
361722
100%
363726
100%
364728
100%
366732
100%
368736
100%
3774
100%
371742
100%
375750
100%
376752
100%
378756
100%
380760
100%
381762
100%
385770
100%
390780
100%
395790
100%
398796
100%
4080
100%
400800
100%
401802
100%
402804
100%
404808
100%
406812
100%
407814
100%
408816
100%
4182
100%
410820
100%
411822
100%
412824
100%
413826
100%
415830
100%
419838
100%
420840
100%
422844
100%
423846
100%
427854
100%
431862
100%
432864
100%
433866
100%
434868
100%
435870
100%
4488
100%
440880
100%
444888
100%
448896
100%
450900
100%
454908
100%
457914
100%
459918
100%
462924
100%
464928
100%
466932
100%
469938
100%
4794
100%
471942
100%
472944
100%
476952
100%
4896
100%
484968
100%
487974
100%
491982
100%
492984
100%
495990
100%
498996
100%
499998
100%
9051810
80%
359718
75%
6011202
67%
6561312
67%
7251450
67%
7941588
67%
8411682
67%
9111822
67%
9301860
67%
95190
67%
137274
67%
151302
67%
180360
67%
357714
67%
362724
67%
446892
67%
496992
67%
5031006
50%
5051010
50%
5211042
50%
5431086
50%
5561112
50%
5861172
50%
6181236
50%
6231246
50%
6311262
50%
6521304
50%
67134
50%
6701340
50%
6731346
50%
6751350
50%
6911382
50%
6961392
50%
6971394
50%
7161432
50%
7211442
50%
7371474
50%
75150
50%
7581516
50%
7591518
50%
7731546
50%
7741548
50%
8041608
50%
8141628
50%
8211642
50%
8351670
50%
8581716
50%
8641728
50%
8771754
50%
8811762
50%
8871774
50%
8881776
50%
8901780
50%
90180
50%
9081816
50%
9131826
50%
9251850
50%
9521904
50%
9721944
50%
101202
50%
130260
50%
147294
50%
154308
50%
162324
50%
191382
50%
265530
50%
267534
50%
276552
50%
282564
50%
3060
50%
303606
50%
305610
50%
313626
50%
322644
50%
324648
50%
333666
50%
369738
50%
382764
50%
442884
50%
458916
50%
461922
50%
477954
50%
485970
50%
488976
50%
6461292
33%
6991398
33%
7321464
33%
7651530
33%
7821564
33%
7991598
33%
142284
33%
447894
33%
452904
33%
460920
33%
473946
33%
493986
33%
8741748
25%
312624
25%
50100
0%
5001000
0%
5011002
0%
5021004
0%
5041008
0%
5061012
0%
5101020
0%
5111022
0%
5121024
0%
5131026
0%
5141028
0%
5181036
0%
52104
0%
5201040
0%
5241048
0%
5251050
0%
5261052
0%
5281056
0%
5291058
0%
5301060
0%
5321064
0%
5331066
0%
5341068
0%
5351070
0%
5361072
0%
5401080
0%
5411082
0%
5441088
0%
5451090
0%
5461092
0%
5491098
0%
55110
0%
5511102
0%
5521104
0%
5571114
0%
5591118
0%
56112
0%
5621124
0%
5641128
0%
5651130
0%
5661132
0%
5681136
0%
57114
0%
5701140
0%
5721144
0%
5731146
0%
5741148
0%
5761152
0%
5791158
0%
5811162
0%
5821164
0%
5841168
0%
5851170
0%
5871174
0%
5881176
0%
59118
0%
5901180
0%
5911182
0%
5921184
0%
5931186
0%
5941188
0%
5951190
0%
5961192
0%
5971194
0%
5981196
0%
612
0%
6001200
0%
6021204
0%
6031206
0%
6081216
0%
6121224
0%
6131226
0%
6141228
0%
6161232
0%
6241248
0%
6251250
0%
6261252
0%
6281256
0%
6301260
0%
6321264
0%
6341268
0%
6361272
0%
6391278
0%
64128
0%
6411282
0%
6421284
0%
6431286
0%
6441288
0%
6451290
0%
6471294
0%
6491298
0%
6511302
0%
6531306
0%
6541308
0%
6551310
0%
6571314
0%
6581316
0%
6591318
0%
66132
0%
6621324
0%
6631326
0%
6651330
0%
6661332
0%
6671334
0%
6681336
0%
6711342
0%
6721344
0%
6741348
0%
6761352
0%
6771354
0%
6781356
0%
68136
0%
6821364
0%
6831366
0%
6841368
0%
6871374
0%
6891378
0%
69138
0%
6901380
0%
6921384
0%
6941388
0%
6981396
0%
714
0%
70140
0%
7001400
0%
7021404
0%
7041408
0%
7051410
0%
7081416
0%
71142
0%
7101420
0%
7121424
0%
7181436
0%
7191438
0%
7201440
0%
7231446
0%
7261452
0%
7281456
0%
73146
0%
7301460
0%
7331466
0%
7361472
0%
7381476
0%
7391478
0%
74148
0%
7431486
0%
7461492
0%
7471494
0%
7481496
0%
7491498
0%
7501500
0%
7511502
0%
7531506
0%
7551510
0%
76152
0%
7611522
0%
7631526
0%
7641528
0%
7661532
0%
7671534
0%
7681536
0%
7691538
0%
77154
0%
7701540
0%
7711542
0%
7721544
0%
7751550
0%
7771554
0%
7781556
0%
78156
0%
7801560
0%
7811562
0%
7831566
0%
7851570
0%
7861572
0%
7881576
0%
7891578
0%
7901580
0%
7911582
0%
7921584
0%
7931586
0%
7951590
0%
7971594
0%
7981596
0%
80160
0%
8001600
0%
8011602
0%
8031606
0%
8051610
0%
8071614
0%
8091618
0%
81162
0%
8101620
0%
8111622
0%
8121624
0%
8131626
0%
8151630
0%
8161632
0%
8171634
0%
8181636
0%
82164
0%
8231646
0%
8251650
0%
8261652
0%
8281656
0%
83166
0%
8301660
0%
8311662
0%
8321664
0%
8331666
0%
8341668
0%
8371674
0%
8381676
0%
8391678
0%
84168
0%
8401680
0%
8431686
0%
8441688
0%
8461692
0%
8471694
0%
8481696
0%
8491698
0%
8521704
0%
8531706
0%
8541708
0%
8561712
0%
8571714
0%
86172
0%
8661732
0%
8671734
0%
8681736
0%
8691738
0%
87174
0%
8711742
0%
8721744
0%
8731746
0%
8751750
0%
8761752
0%
8781756
0%
8791758
0%
8801760
0%
8821764
0%
8831766
0%
8841768
0%
8851770
0%
8861772
0%
8891778
0%
89178
0%
8911782
0%
8921784
0%
8951790
0%
8961792
0%
8971794
0%
8991798
0%
918
0%
9041808
0%
9071814
0%
91182
0%
9121824
0%
9141828
0%
9151830
0%
9171834
0%
9191838
0%
9201840
0%
9211842
0%
9221844
0%
9231846
0%
9241848
0%
9261852
0%
9271854
0%
9291858
0%
93186
0%
9311862
0%
9341868
0%
9361872
0%
9391878
0%
94188
0%
9411882
0%
9431886
0%
9441888
0%
9461892
0%
9471894
0%
9491898
0%
9511902
0%
9561912
0%
96192
0%
9601920
0%
9611922
0%
9621924
0%
9651930
0%
9661932
0%
9681936
0%
9691938
0%
9731946
0%
9741948
0%
9751950
0%
9761952
0%
9771954
0%
9781956
0%
9791958
0%
98196
0%
9811962
0%
9831966
0%
9841968
0%
9851970
0%
99198
0%
9921984
0%
9931986
0%
9941988
0%
100200
0%
103206
0%
106212
0%
108216
0%
109218
0%
1122
0%
112224
0%
113226
0%
116232
0%
117234
0%
118236
0%
1224
0%
121242
0%
123246
0%
124248
0%
125250
0%
126252
0%
127254
0%
129258
0%
1326
0%
131262
0%
132264
0%
135270
0%
140280
0%
1530
0%
150300
0%
153306
0%
156312
0%
157314
0%
158316
0%
159318
0%
160320
0%
161322
0%
163326
0%
168336
0%
1734
0%
171342
0%
174348
0%
177354
0%
179358
0%
181362
0%
184368
0%
186372
0%
187374
0%
188376
0%
1938
0%
192384
0%
195390
0%
196392
0%
197394
0%
198396
0%
199398
0%
2040
0%
200400
0%
201402
0%
202404
0%
205410
0%
206412
0%
209418
0%
210420
0%
213426
0%
216432
0%
2244
0%
220440
0%
222444
0%
224448
0%
225450
0%
226452
0%
227454
0%
229458
0%
2346
0%
232464
0%
233466
0%
234468
0%
235470
0%
237474
0%
238476
0%
239478
0%
2448
0%
240480
0%
241482
0%
243486
0%
245490
0%
246492
0%
247494
0%
248496
0%
249498
0%
251502
0%
252504
0%
253506
0%
254508
0%
257514
0%
258516
0%
2652
0%
261522
0%
262524
0%
264528
0%
266532
0%
268536
0%
269538
0%
270540
0%
273546
0%
274548
0%
275550
0%
277554
0%
278556
0%
2856
0%
281562
0%
283566
0%
285570
0%
286572
0%
288576
0%
289578
0%
2958
0%
294588
0%
295590
0%
296592
0%
298596
0%
299598
0%
300600
0%
307614
0%
309618
0%
314628
0%
315630
0%
316632
0%
317634
0%
318636
0%
320640
0%
321642
0%
323646
0%
325650
0%
327654
0%
328656
0%
329658
0%
330660
0%
331662
0%
335670
0%
336672
0%
338676
0%
339678
0%
3468
0%
341682
0%
343686
0%
346692
0%
347694
0%
348696
0%
349698
0%
3570
0%
351702
0%
352704
0%
355710
0%
358716
0%
360720
0%
365730
0%
367734
0%
370740
0%
372744
0%
373746
0%
374748
0%
377754
0%
379758
0%
3876
0%
383766
0%
384768
0%
386772
0%
387774
0%
388776
0%
389778
0%
3978
0%
391782
0%
392784
0%
393786
0%
394788
0%
396792
0%
397794
0%
399798
0%
403806
0%
405810
0%
409818
0%
414828
0%
416832
0%
417834
0%
418836
0%
4284
0%
421842
0%
424848
0%
425850
0%
426852
0%
428856
0%
429858
0%
4386
0%
430860
0%
436872
0%
437874
0%
438876
0%
439878
0%
441882
0%
443886
0%
445890
0%
449898
0%
4590
0%
451902
0%
453906
0%
455910
0%
456912
0%
4692
0%
463926
0%
465930
0%
467934
0%
468936
0%
470940
0%
474948
0%
475950
0%
478956
0%
479958
0%
480960
0%
481962
0%
482964
0%
483966
0%
486972
0%
489978
0%
4998
0%
490980
0%
494988
0%
497994
0%

Scoreverdeling

Percentiel versus Aantal Correcte Antwoorden

Procent van Mensen met Elke Score

Uw Scoregeschiedenis

U heeft deze quiz nog niet genomen